Loading...
| History - World | 0 | 5 | 0 | 2 | 50 | 73 | 104.40 | 0 | 5 | 0.00 | 0.00 |
| Social Science | 0 | 3 | 0 | 1 | 30 | 87 | 105.67 | 1 | 3 | 0.00 | 0.00 |
| History - European | 0 | 3 | 0 | 1 | 30 | 95 | 119.33 | 0 | 3 | 0.00 | 0.00 |
| Fine Arts - Painting & Sculpture | 0 | 3 | 1 | 0 | 25 | 104 | 117.33 | 0 | 3 | 0.00 | 0.00 |
| Science - Biology | 0 | 3 | 1 | 0 | 25 | 70 | 97.00 | 2 | 3 | 0.00 | 0.00 |
| History - Other | 0 | 3 | 1 | 1 | 25 | 106 | 119.00 | 0 | 3 | 0.00 | 0.00 |
| Philosophy | 0 | 3 | 1 | 0 | 25 | 103 | 114.00 | 0 | 3 | 0.00 | 0.00 |
| Literature - European | 0 | 2 | 0 | 0 | 20 | 102 | 124.00 | 0 | 2 | 0.00 | 0.00 |
| History - American | 0 | 2 | 0 | 0 | 20 | 89 | 109.50 | 1 | 2 | 0.00 | 0.00 |
| Literature - American | 0 | 2 | 0 | 2 | 20 | 130 | 142.50 | 0 | 2 | 0.00 | 0.00 |
| Literature - World | 0 | 2 | 0 | 0 | 20 | 129 | 138.00 | 0 | 2 | 0.00 | 0.00 |
| Religion | 0 | 2 | 0 | 1 | 20 | 124 | 126.50 | 0 | 2 | 0.00 | 0.00 |
| Science - Other | 0 | 1 | 0 | 0 | 10 | 107 | 107.00 | 0 | 1 | 0.00 | 0.00 |
| Fine Arts - Classical Music | 0 | 1 | 0 | 1 | 10 | 129 | 129.00 | 0 | 1 | 0.00 | 0.00 |
| Fine Arts - Other | 0 | 1 | 0 | 0 | 10 | 96 | 96.00 | 0 | 1 | 0.00 | 0.00 |
| Science - Physics | 0 | 1 | 0 | 0 | 10 | 81 | 81.00 | 1 | 1 | 0.00 | 0.00 |
| Literature - British | 0 | 0 | 1 | 0 | -5 | 0.00 | 0 | 0 | 0.00 | 0.00 | |
| Mythology | 0 | 0 | 1 | 0 | -5 | 0.00 | 0 | 0 | 0.00 | 0.00 | |
| Other | 0 | 0 | 4 | 0 | -20 | 0.00 | 0 | 0 | 0.00 | 0.00 |